000 00906nam a22002057a 4500
003 OSt
005 20251217133608.0
008 251217b |||||||| |||| 00| 0 eng d
040 _cDCL
082 _a၂၉၄.၅
245 0 0 _aမဟာဘာရတနှင့် ဘဂဝါဂီတ /
_cဘာသာပြန်သူ ဦး‌သော်ဇင်။
250 _aဒုတိယအကြိမ်။
260 _aရန်ကုန် ၊
_bစိတ်ကူးချိုချိုစာပေ၊
_c၂၀၁၇။
300 _a၂၈၇ စာမျက်နှာ ၊
_c၁၉ စင်တီ။
650 _aဟိန္ဒူဘာသာရေးကျမ်း
650 _aဘဂဝါဂီတကျမ်း
650 _aမဟာဘာရတ
700 _aသော်ဇင်၊ ဦး။
_eဘာသာပြန်သူ
942 _2ddc
_cSHORT TERM
_n0
999 _c2746
_d2746